Intenciones por el P. Julio Alarcon de la Compañía de Jesus. Obra consagrada al apostolado de la oracion en España

Detalles Bibliográficos
Autor principal: Alarcon, Julio, S. J.
Formato: Libro
Lenguaje:Undetermined
Spanish
Publicado: Bilbao : Imprenta del Corazon de Jesus, s.a.
Serie editorial:Tercera serie
Materias:
Colección:Banco de datos
Acervo:Museo Virreinal de Zinacantepec. Estado de México
Descripción Física:409 p., [1] h. ; 4°
Tema general:Ascética
Notas:Portada con monograma de la Compañía de Jesús en grabado litográfico. Encuadernación keratol sobre cartón
LEADER 00697nam a2200181Ia 4500
008 150723s9999 xx 000 0 und d
041 0 |a spa 
100 1 |a Alarcon, Julio, S. J. 
245 1 0 |a Intenciones por el P. Julio Alarcon de la Compañía de Jesus. Obra consagrada al apostolado de la oracion en España 
260 |a Bilbao : Imprenta del Corazon de Jesus, s.a. 
300 |a 409 p., [1] h. ; 4° 
440 0 |a Tercera serie 
500 |a Portada con monograma de la Compañía de Jesús en grabado litográfico. Encuadernación keratol sobre cartón 
650 1 0 |a Ascética 
949 |a 1600 
942 |c ZINACA 
943 |g Museo Virreinal de Zinacantepec. Estado de México 
999 |c 1105849  |d 1105849